<?xml version="1.0" encoding="UTF-8"?>
<record
    xmlns:xsi="http://www.w3.org/2001/XMLSchema-instance"
    xsi:schemaLocation="http://www.loc.gov/MARC21/slim http://www.loc.gov/standards/marcxml/schema/MARC21slim.xsd"
    xmlns="http://www.loc.gov/MARC21/slim">

  <leader>01600nam a22002417a 4500</leader>
  <datafield tag="999" ind1=" " ind2=" ">
    <subfield code="c">63510</subfield>
    <subfield code="d">63510</subfield>
  </datafield>
  <controlfield tag="003">Ge_BSU</controlfield>
  <controlfield tag="005">20251021155300.0</controlfield>
  <controlfield tag="008">251021s1997    ge ||||| |||| 00| 0 geo d</controlfield>
  <datafield tag="020" ind1=" " ind2=" ">
    <subfield code="a">551100751X </subfield>
  </datafield>
  <datafield tag="041" ind1=" " ind2=" ">
    <subfield code="a">geo</subfield>
  </datafield>
  <datafield tag="080" ind1=" " ind2=" ">
    <subfield code="a">339.9(075.8) &#x10E7;-69</subfield>
  </datafield>
  <datafield tag="100" ind1=" " ind2=" ">
    <subfield code="a">&#x10E7;&#x10DD;&#x10E0;&#x10E6;&#x10D0;&#x10DC;&#x10D0;&#x10E8;&#x10D5;&#x10D8;&#x10DA;&#x10D8;, &#x10DA;&#x10D0;&#x10E0;&#x10D8;&#x10E1;&#x10D0;</subfield>
    <subfield code="9">14273</subfield>
  </datafield>
  <datafield tag="245" ind1=" " ind2=" ">
    <subfield code="a">&#x10E1;&#x10D0;&#x10D4;&#x10E0;&#x10D7;&#x10D0;&#x10E8;&#x10DD;&#x10E0;&#x10D8;&#x10E1;&#x10DD; &#x10E1;&#x10D0;&#x10D5;&#x10D0;&#x10ED;&#x10E0;&#x10DD;-&#x10D4;&#x10D9;&#x10DD;&#x10DC;&#x10DD;&#x10DB;&#x10D8;&#x10D9;&#x10E3;&#x10E0;&#x10D8; &#x10E3;&#x10E0;&#x10D7;&#x10D8;&#x10D4;&#x10E0;&#x10D7;&#x10DD;&#x10D1;&#x10D4;&#x10D1;&#x10D8; :</subfield>
    <subfield code="b">[&#x10E1;&#x10D0;&#x10EE;&#x10D4;&#x10DA;&#x10DB;&#x10EB;&#x10E6;&#x10D5;. &#x10E3;&#x10DB;&#x10D0;&#x10E6;. &#x10E1;&#x10D0;&#x10E1;&#x10EC;. &#x10E1;&#x10E2;&#x10E3;&#x10D3;.] / </subfield>
    <subfield code="c">[&#x10E0;&#x10D4;&#x10D3;.: &#x10DB;&#x10D0;&#x10DB;&#x10D8;&#x10D0; &#x10E6;&#x10D0;&#x10E6;&#x10D0;&#x10DC;&#x10D8;&#x10EB;&#x10D4;]; &#x10D7;&#x10E1;&#x10E3;, &#x10E1;&#x10D0;&#x10D4;&#x10E0;&#x10D7;. &#x10D1;&#x10D8;&#x10D6;&#x10DC;&#x10D4;&#x10E1;&#x10D8;&#x10E1; &#x10E4;&#x10D0;&#x10D9;-&#x10E2;&#x10D8;.</subfield>
  </datafield>
  <datafield tag="264" ind1=" " ind2=" ">
    <subfield code="a">&#x10D7;&#x10D1;. : </subfield>
    <subfield code="b">&#x10D7;&#x10D1;&#x10D8;&#x10DA;. &#x10E3;&#x10DC;-&#x10E2;&#x10D8;&#x10E1; &#x10D2;&#x10D0;&#x10DB;-&#x10D1;&#x10D0;, </subfield>
    <subfield code="c">1997.</subfield>
  </datafield>
  <datafield tag="300" ind1=" " ind2=" ">
    <subfield code="a">480 &#x10D2;&#x10D5;. ;</subfield>
    <subfield code="b">20 &#x10E1;&#x10DB;.</subfield>
  </datafield>
  <datafield tag="504" ind1=" " ind2=" ">
    <subfield code="a">&#x10D1;&#x10D8;&#x10D1;&#x10DA;&#x10D8;&#x10DD;&#x10D2;&#x10E0;.: &#x10D2;&#x10D5;. 475.</subfield>
  </datafield>
  <datafield tag="520" ind1=" " ind2=" ">
    <subfield code="a">&#x10E0;&#x10D4;&#x10D6;.: &#x10D2;&#x10D5;. 302.</subfield>
  </datafield>
  <datafield tag="653" ind1=" " ind2=" ">
    <subfield code="a">&#x10E1;&#x10D0;&#x10D4;&#x10E0;&#x10D7;&#x10D0;&#x10E8;&#x10DD;&#x10E0;&#x10D8;&#x10E1;&#x10DD; &#x10E1;&#x10D0;&#x10D5;&#x10D0;&#x10ED;&#x10E0;&#x10DD;-&#x10D4;&#x10D9;&#x10DD;&#x10DC;&#x10DD;&#x10DB;&#x10D8;&#x10D9;&#x10E3;&#x10E0;&#x10D8; &#x10E3;&#x10E0;&#x10D7;&#x10D8;&#x10D4;&#x10E0;&#x10D7;&#x10DD;&#x10D1;&#x10D4;&#x10D1;&#x10D8;</subfield>
  </datafield>
  <datafield tag="700" ind1=" " ind2=" ">
    <subfield code="a">&#x10E6;&#x10D0;&#x10E6;&#x10D0;&#x10DC;&#x10D8;&#x10EB;&#x10D4;, &#x10DB;&#x10D0;&#x10DB;&#x10D8;&#x10D0;</subfield>
    <subfield code="e">&#x10E0;&#x10D4;&#x10D3;&#x10D0;&#x10E5;&#x10E2;&#x10DD;&#x10E0;&#x10D8;</subfield>
    <subfield code="9">26088</subfield>
  </datafield>
  <datafield tag="710" ind1=" " ind2=" ">
    <subfield code="a">&#x10D7;&#x10D1;&#x10D8;&#x10DA;&#x10D8;&#x10E1;&#x10D8;&#x10E1; &#x10D8;&#x10D5;&#x10D0;&#x10DC;&#x10D4; &#x10EF;&#x10D0;&#x10D5;&#x10D0;&#x10EE;&#x10D8;&#x10E8;&#x10D5;&#x10D8;&#x10DA;&#x10D8;&#x10E1; &#x10E1;&#x10D0;&#x10EE;&#x10D4;&#x10DA;&#x10DD;&#x10D1;&#x10D8;&#x10E1; &#x10E1;&#x10D0;&#x10EE;&#x10D4;&#x10DA;&#x10DB;&#x10EC;&#x10E4;&#x10D8;&#x10E4;&#x10DD; &#x10E3;&#x10DC;&#x10D8;&#x10D5;&#x10D4;&#x10E0;&#x10E1;&#x10D8;&#x10E2;&#x10D4;&#x10E2;&#x10D8;   </subfield>
    <subfield code="b">&#x10D7;&#x10E1;&#x10E3;-&#x10E1; &#x10E1;&#x10D0;&#x10D4;&#x10E0;&#x10D7;. &#x10D1;&#x10D8;&#x10D6;&#x10DC;&#x10D4;&#x10E1;&#x10D8;&#x10E1; &#x10E4;&#x10D0;&#x10D9;-&#x10E2;&#x10D8;</subfield>
    <subfield code="9">26090</subfield>
  </datafield>
  <datafield tag="856" ind1=" " ind2=" ">
    <subfield code="u">https://dspace.nplg.gov.ge/bitstream/1234/564343/1/SaertashorisoSavachroEkonomikuriUrtiertobebi_1997.pdf</subfield>
    <subfield code="y">&#x10D4;&#x10DA;. &#x10D5;&#x10D4;&#x10E0;&#x10E1;&#x10D8;&#x10D0;</subfield>
  </datafield>
  <datafield tag="942" ind1=" " ind2=" ">
    <subfield code="2">udc</subfield>
    <subfield code="c">&#x1CAC;&#x1C98;&#x1C92;&#x1C9C;&#x1C98;</subfield>
  </datafield>
  <datafield tag="952" ind1=" " ind2=" ">
    <subfield code="0">0</subfield>
    <subfield code="1">0</subfield>
    <subfield code="2">udc</subfield>
    <subfield code="4">0</subfield>
    <subfield code="6">33990758_&#x10E7;69</subfield>
    <subfield code="7">0</subfield>
    <subfield code="9">104388</subfield>
    <subfield code="a">CPL</subfield>
    <subfield code="b">CPL</subfield>
    <subfield code="c">GEN</subfield>
    <subfield code="d">2025-10-21</subfield>
    <subfield code="g">14.00</subfield>
    <subfield code="o">339.9(075.8) &#x10E7;-69</subfield>
    <subfield code="p">72766</subfield>
    <subfield code="r">2025-10-21</subfield>
    <subfield code="t">72766</subfield>
    <subfield code="w">2025-10-21</subfield>
    <subfield code="y">&#x1CAC;&#x1C98;&#x1C92;&#x1C9C;&#x1C98;</subfield>
    <subfield code="z">14 &#x10DA;.</subfield>
  </datafield>
</record>
